<?xml version="1.0" encoding="UTF-8"?>
<record
    xmlns:xsi="http://www.w3.org/2001/XMLSchema-instance"
    xsi:schemaLocation="http://www.loc.gov/MARC21/slim http://www.loc.gov/standards/marcxml/schema/MARC21slim.xsd"
    xmlns="http://www.loc.gov/MARC21/slim">

  <leader>01701nam a22002537a 4500</leader>
  <controlfield tag="003">NALT</controlfield>
  <controlfield tag="005">20240801160446.0</controlfield>
  <controlfield tag="008">180306b        th ||||| |||| 00| 0 tha d</controlfield>
  <datafield tag="040" ind1=" " ind2=" ">
    <subfield code="a">NALT</subfield>
  </datafield>
  <datafield tag="090" ind1=" " ind2=" ">
    <subfield code="a">&#xE2D;&#xE28;</subfield>
    <subfield code="b">&#xE1B;819&#xE04; 2463</subfield>
  </datafield>
  <datafield tag="100" ind1="0" ind2=" ">
    <subfield code="a">&#xE1A;&#xE33;&#xE23;&#xE32;&#xE1A;&#xE1B;&#xE23;&#xE1B;&#xE31;&#xE01;&#xE29;&#xE4C;,   </subfield>
    <subfield code="c">&#xE2A;&#xE21;&#xE40;&#xE14;&#xE47;&#xE08;&#xE1E;&#xE23;&#xE30;&#xE40;&#xE08;&#xE49;&#xE32;&#xE1A;&#xE23;&#xE21;&#xE27;&#xE07;&#xE28;&#xE4C;&#xE40;&#xE18;&#xE2D; &#xE40;&#xE08;&#xE49;&#xE32;&#xE1F;&#xE49;&#xE32;&#xE21;&#xE2B;&#xE32;&#xE21;&#xE32;&#xE25;&#xE32; &#xE01;&#xE23;&#xE21;&#xE1E;&#xE23;&#xE30;&#xE22;&#xE32;,</subfield>
    <subfield code="d">2362-2429</subfield>
    <subfield code="9">26286</subfield>
  </datafield>
  <datafield tag="245" ind1="1" ind2="0">
    <subfield code="a">&#xE42;&#xE04;&#xE25;&#xE07;&#xE1E;&#xE23;&#xE30;&#xE23;&#xE32;&#xE0A;&#xE1E;&#xE34;&#xE18;&#xE35;&#xE17;&#xE27;&#xE32;&#xE17;&#xE28;&#xE21;&#xE32;&#xE28; /</subfield>
    <subfield code="c">&#xE1E;&#xE23;&#xE30;&#xE19;&#xE34;&#xE1E;&#xE19;&#xE18;&#xE4C;&#xE2A;&#xE21;&#xE40;&#xE14;&#xE47;&#xE08;&#xE40;&#xE08;&#xE49;&#xE32;&#xE1F;&#xE49;&#xE32;&#xE01;&#xE23;&#xE21;&#xE1E;&#xE23;&#xE30;&#xE22;&#xE32;&#xE1A;&#xE33;&#xE23;&#xE32;&#xE1A;&#xE1B;&#xE23;&#xE1B;&#xE31;&#xE01;&#xE29;&#xE4C;.  </subfield>
  </datafield>
  <datafield tag="260" ind1=" " ind2=" ">
    <subfield code="a">[&#xE1E;&#xE23;&#xE30;&#xE19;&#xE04;&#xE23;] : </subfield>
    <subfield code="b">&#xE42;&#xE23;&#xE07;&#xE1E;&#xE34;&#xE21;&#xE1E;&#xE4C;&#xE40;&#xE08;&#xE23;&#xE34;&#xE0D;&#xE1C;&#xE25;, </subfield>
    <subfield code="c">2463.</subfield>
  </datafield>
  <datafield tag="300" ind1=" " ind2=" ">
    <subfield code="a">166 &#xE2B;&#xE19;&#xE49;&#xE32; ;</subfield>
    <subfield code="c">22 &#xE0B;&#xE21;.</subfield>
  </datafield>
  <datafield tag="500" ind1=" " ind2=" ">
    <subfield code="a">&#xE40;&#xE08;&#xE49;&#xE32;&#xE1E;&#xE23;&#xE30;&#xE22;&#xE32;&#xE18;&#xE23;&#xE23;&#xE21;&#xE32;&#xE18;&#xE34;&#xE01;&#xE23;&#xE13;&#xE32;&#xE18;&#xE34;&#xE1A;&#xE14;&#xE35; &#xE43;&#xE2B;&#xE49;&#xE1E;&#xE34;&#xE21;&#xE1E;&#xE4C;&#xE02;&#xE36;&#xE49;&#xE19;&#xE43;&#xE19;&#xE07;&#xE32;&#xE19;&#xE1E;&#xE23;&#xE30;&#xE23;&#xE32;&#xE0A;&#xE17;&#xE32;&#xE19;&#xE40;&#xE1E;&#xE25;&#xE34;&#xE07;&#xE28;&#xE1E; &#xE40;&#xE08;&#xE49;&#xE32;&#xE08;&#xE2D;&#xE21;&#xE43;&#xE19;&#xE23;&#xE31;&#xE0A;&#xE01;&#xE32;&#xE25;&#xE17;&#xE35;&#xE48; 5 &#xE2B;&#xE21;&#xE48;&#xE2D;&#xE21;&#xE23;&#xE32;&#xE0A;&#xE27;&#xE07;&#xE28;&#xE4C;&#xE41;&#xE1B;&#xE49;&#xE19; &#xE40;&#xE21;&#xE37;&#xE48;&#xE2D;&#xE1B;&#xE35;&#xE27;&#xE2D;&#xE01; &#xE1E;.&#xE28;. 2463. </subfield>
  </datafield>
  <datafield tag="505" ind1="2" ind2=" ">
    <subfield code="a">&#xE42;&#xE04;&#xE25;&#xE07;&#xE1E;&#xE23;&#xE30;&#xE23;&#xE32;&#xE0A;&#xE1E;&#xE34;&#xE18;&#xE35;&#xE17;&#xE27;&#xE32;&#xE17;&#xE28;&#xE21;&#xE32;&#xE28;&#xE1E;&#xE23;&#xE30;&#xE19;&#xE34;&#xE1E;&#xE19;&#xE18;&#xE4C;&#xE2A;&#xE21;&#xE40;&#xE14;&#xE47;&#xE08;&#xE40;&#xE08;&#xE49;&#xE32;&#xE1F;&#xE49;&#xE32;&#xE01;&#xE23;&#xE21;&#xE1E;&#xE23;&#xE30;&#xE22;&#xE32;&#xE1A;&#xE33;&#xE23;&#xE32;&#xE1A;&#xE1B;&#xE23;&#xE1B;&#xE31;&#xE01;&#xE29;&#xE4C;.</subfield>
  </datafield>
  <datafield tag="600" ind1="0" ind2="4">
    <subfield code="a">&#xE41;&#xE1B;&#xE49;&#xE19;,</subfield>
    <subfield code="c">&#xE40;&#xE08;&#xE49;&#xE32;&#xE08;&#xE2D;&#xE21; &#xE21;.&#xE23;.&#xE27;., </subfield>
    <subfield code="d">2412-2461</subfield>
    <subfield code="9">64501</subfield>
  </datafield>
  <datafield tag="650" ind1=" " ind2="4">
    <subfield code="a">&#xE01;&#xE27;&#xE35;&#xE19;&#xE34;&#xE1E;&#xE19;&#xE18;&#xE4C;&#xE44;&#xE17;&#xE22;</subfield>
    <subfield code="9">10155</subfield>
  </datafield>
  <datafield tag="650" ind1=" " ind2="4">
    <subfield code="a">&#xE42;&#xE04;&#xE25;&#xE07;</subfield>
    <subfield code="9">10154</subfield>
  </datafield>
  <datafield tag="650" ind1=" " ind2="4">
    <subfield code="a">&#xE2B;&#xE19;&#xE31;&#xE07;&#xE2A;&#xE37;&#xE2D;&#xE2D;&#xE19;&#xE38;&#xE2A;&#xE23;&#xE13;&#xE4C;&#xE07;&#xE32;&#xE19;&#xE28;&#xE1E;</subfield>
    <subfield code="9">64426</subfield>
  </datafield>
  <datafield tag="850" ind1=" " ind2=" ">
    <subfield code="a">NALT</subfield>
  </datafield>
  <datafield tag="942" ind1=" " ind2=" ">
    <subfield code="2">local</subfield>
    <subfield code="c">RRB</subfield>
  </datafield>
  <datafield tag="996" ind1=" " ind2=" ">
    <subfield code="a">saiphon.d</subfield>
    <subfield code="b">CATSTF	</subfield>
    <subfield code="c">2024-08-01</subfield>
  </datafield>
  <datafield tag="999" ind1=" " ind2=" ">
    <subfield code="c">94371</subfield>
    <subfield code="d">94371</subfield>
  </datafield>
  <datafield tag="998" ind1=" " ind2=" ">
    <subfield code="j">104</subfield>
    <subfield code="k"> &#xE19;&#xE32;&#xE07;&#xE2A;&#xE32;&#xE27;&#xE2A;&#xE32;&#xE22;&#xE1D;&#xE19;  &#xE14;&#xE35;&#xE07;&#xE32;&#xE21;</subfield>
  </datafield>
  <datafield tag="952" ind1=" " ind2=" ">
    <subfield code="0">0</subfield>
    <subfield code="1">0</subfield>
    <subfield code="2">local</subfield>
    <subfield code="4">0</subfield>
    <subfield code="7">0</subfield>
    <subfield code="8">CRRB</subfield>
    <subfield code="a">NALT</subfield>
    <subfield code="b">NALT</subfield>
    <subfield code="c">RRB</subfield>
    <subfield code="d">2018-03-06</subfield>
    <subfield code="l">0</subfield>
    <subfield code="o">&#xE2D;&#xE28; &#xE1B;819&#xE04; 2463</subfield>
    <subfield code="p">3961214344</subfield>
    <subfield code="r">2024-08-07 00:00:00</subfield>
    <subfield code="w">2018-03-06</subfield>
    <subfield code="y">RRB</subfield>
  </datafield>
</record>
